00738 2200253 4500001002100000005001700021008004100038020001800079035002400097040001200121082001000133090001700143100002000160245011100180250001100291260004200302300002500344500001100369504003100380650002400411700001700435850001200452990002000464YOGYA-0412000000044220120424183341.0 ind  a979-22-0071-1 0010-041200000000442 aYOPDYOG a297.9 a297.9bAzr H aAZRA, Azyumardi aHistoriografi Islam kontemporerbWacana Aktualitas dan aktor sejarahcAzyumardi Azra ; editor, Idris Thaha aCet. 1 aJakartabGramedia Pustaka Utamac2002 axvii, 469 hlmc23 cm aIndeks aBibliografi : hlm. 423-443 aHistoriografi Islam aThaha, Idris aYOPDYOG a5477-PD/A.05b1